El nublado (Record no. 125312)

MARC details
000 -LEADER
campo de control de longitud fija 00805nam a2200241 i 4500
001 - NÚMERO DE CONTROL
campo de control 125312
003 - IDENTIFICADOR DE NÚMERO DE CONTROL
campo de control ES-MaACL
005 - FECHA Y HORA DE LA ÚLTIMA TRANSACCIÓN
campo de control 20230906192612.0
007 - CAMPO FIJO DE DESCRIPCIÓN FÍSICA--INFORMACIÓN GENERAL
campo de control de longitud fija t|
008 - DATOS DE LONGITUD FIJA--INFORMACIÓN GENERAL
campo de control de longitud fija 070601s1932 sp ||||1| spa d
080 ## - NÚMERO DE LA CLASIFICACIÓN DECIMAL UNIVERSAL
Número de la Clasificación Decimal Universal 821.134.2-22"19"
100 1# - ENTRADA PRINCIPAL--NOMBRE DE PERSONA
Nombre de persona Mata, Pedro,
Fechas asociadas al nombre 1875-1946
9 (RLIN) 78887
245 13 - MENCIÓN DEL TÍTULO
Título El nublado
Resto del título : comedia en tres actos : original /
Mención de responsabilidad, etc. Pedro Mata ; dibujos de Antonio Merlo.
260 ## - PUBLICACIÓN, DISTRIBUCIÓN, ETC.
Lugar de publicación, distribución, etc. Madrid :
Nombre del editor, distribuidor, etc. Editorial Estampa,
Fecha de publicación, distribución, etc. 1932.
300 ## - DESCRIPCIÓN FÍSICA
Extensión 61 p. :
Otras características físicas il. ;
Dimensiones 17 cm.
490 1# - MENCIÓN DE SERIE
Mención de serie La Farsa ;
Designación de volumen o secuencia núm. 248
500 ## - NOTA GENERAL
Nota general Estrenada en el teatro Lara la noche del 17 de mayo de 1932.
700 1# - ENTRADA AGREGADA--NOMBRE PERSONAL
Nombre de persona Merlo, Antonio.
9 (RLIN) 80579
830 0# - PUNTO DE ACCESO ADICIONAL DE SERIE-TÍTULO UNIFORME
Título uniforme La Farsa ;
Designación de volumen o secuencia núm. 248
9 (RLIN) 185863
852 ## - LOCALIZACIÓN
Ubicación ES-MaACL
Número de control de estantería 2231-F-14
Sublocalización o colección R.142252
852 ## - LOCALIZACIÓN
Ubicación ES-MaACL
Número de control de estantería B-5782
itemnumber R.144187
Holdings
Estatus retirado Estado de pérdida Estado de daño No para préstamo Biblioteca de origen Biblioteca actual Ubicación en estantería Fecha de adquisición Fuente de adquisición Total de préstamos Signatura topográfica completa Código de barras Visto por última vez Precio de reemplazo Tipo de ítem Koha Colección
        Biblioteca del Ateneo de Madrid Biblioteca del Ateneo de Madrid Sala Pardo Bazán 04/12/2008     B-5782 1178315 23/02/2023 23/02/2023 Libro impreso  
        Biblioteca del Ateneo de Madrid Biblioteca del Ateneo de Madrid Depósito folletos 17/01/2008     2231-F-14 1130546 23/02/2023 23/02/2023 Folleto Colección de folletos